[Event "Eastside Open"]
[Site "Bellevue, WA"]
[Date "2025.03.01"]
[Round "2"]
[White "Wang, Ted"]
[Black "Toppen-Ryan, Harrison"]
[Result "0-1"]
[Annotator "Harrison Toppen-Ryan"]
[WhiteElo "2263"]
[BlackElo "1914"]
[PlyCount "68"]
[GameId "2180822993387693"]
[EventDate "3.??.??"]

1. e4 c5 2. Nf3 Nc6 3. Bb5 {Sicilian Rossolimo Variation. When playing lower rated players, I typically see the Alapin (2.c3 or 2.Nf3 3.c3) variation in order to avoid theory. The Rossolimo becomes more popular once you play the WA State masters and 1800+ rated players.} Nf6 $5 {The fourth most popular move, but one that gets interesting positions. ...3.Nf6 is a fighting choice with bringing out a piece and attacking the e-pawn right away! In this case, White does not have time to build up with c3 and d4 like in typical Rossolimo positions.} 4. Bxc6 {Other variations White could play are 4.d3, 4.Nc3 and 4.e5.} dxc6 5. d3 Bg4 {it's important to play this move before White gets a chance to play h2-h3. Black's most difficult piece to develop is usually the light-squared bishop—getting it on g4 where it could go to h5 and g6/f7 is a small win for Black.} 6. Nbd2 Nd7 $5 {Black wants to play f6 and e5 here in order to have more control over the center, alongside giving his King flexibility on where to castle.} 7. h3 Bh5 8. b3 e5 9. Bb2 f6 10. Nc4 Qc7 11. g4 Bf7 {Black's dark-squared bishop is now a fine piece. Bxc4 is now an option if I don't believe that the light-squared Bishop will have any future.} 12. Nh4 O-O-O $5 13. Qf3 g6 {Stopping Nf5 ideas but also weakening the f6-pawn.} 14. a4 Be7 (14... Bg7 {was probably slightly better—getting the bishop on the longer diagonal and defending the e-pawn.}) 15. Ng2 Bxc4 (15... Nf8 $2 16. Bxe5 fxe5 17. Qxf7 {Allows White to win a pawn.}) 16. bxc4 Nf8 {Now there's no lose f7 bishop for White to tactually take advantage of. Black's idea is to improve their worst piece by re-maneuvering the Knight to f8-e6-d4/f4 where it will be a strong piece.} 17. g5 $6 {I'm was and still a bit confused on what White's idea was here, I tried to look to see if ...Qf7 or ...Qg4 ideas were dangerous for me, but couldn't see anything concrete. This move just simply gives up a pawn if anything.} fxg5 18. Ne3 (18. Qg4+ Kb8 19. h4 gxh4 20. Nxh4 Bf6 21. f4 h5 22. Qg2 Qd6 23. fxe5 Bxe5) 18... Ne6 19. Qg4 Qd6 20. h4 $6 {Another weird pawn move on the Kingside. I decided to not grab the other pawn and instead go for more activity.} h5 (20... gxh4 {is still good for Black, but I wanted more.}) 21. Qg3 Nd4 22. c3 $2 {This move makes White's position unplayable. White needs to rest the strong knight on d4 and keep the d3-pawn defended. This is a great exercise if you want to cover up the rest of the game and try and solve for Black's best move.} Ne2 $3 {"A bolt from the blue!" as Fischer would describe it. The knight is heading to f4 with an attack on White's queen. When you're opponents king has not castled, try to find ways open up the center. Here this reveals the batter on White's now weak d3-pawn.} (22... Ne6 {is also good for Black if they want to go for a more positional approach.}) 23. Qh3+ (23. Kxe2 {is no better due to} Qxd3+ 24. Kf3 Rhf8+ 25. Kg2 Qxe4+ 26. Kg1 Rf3 27. Qg2 Rd2 $40 {Black would have a irresistible attack.}) 23... g4 $1 {in-between move} 24. Qf1 (24. Nxg4 $2 {is not working for White thanks to} Nf4 $1 {in-between move again} 25. Qg3 Qxd3 $3 {threatening mate on e2} 26. Qxd3 Nxd3+ $19 {Everything is hanging in the White camp.}) 24... Nf4 {d3 is now a massive weakness.} 25. d4 {Desperation. No better is} (25. O-O-O Rhf8 $19) 25... cxd4 26. Ba3 (26. O-O-O d3 27. Rd2 Rhf8 28. Kb1 Qe6 29. a5 Bc5 30. a6 b6 31. Bc1 Bxe3) 26... Qe6 27. Nd5 {Pure desperation!} Bxa3 28. Rxa3 cxd5 29. cxd5 Qb6 30. Qc4+ Kb8 31. Rb3 Rc8 $1 {White resigned. Black trades down the queens by force and will be a piece and a pawn up in a better position. White can't even go for any counterplay in the center with:} 32. Qxc8+ Rxc8 33. Rxb6 axb6 34. cxd4 $4 {because Black wins a Rook with:} Rc1+ {Conclusion: 1. Find ways to improve badly placed pieces. Black's 6.Nd7 followed by the knight going to ...f8-e6-d4 was a textbook example of improving bad pieces. 2. If your opponent's king is not castled yet, OPEN up the position using FORCING moves. Black would not have won this game as quickly without his ...22.Ne2 resource.} 0-1

[Event "Eastside Open"]
[Site "Bellevue, WA"]
[Date "2025.03.01"]
[Round "3"]
[White "Toppen-Ryan, Harrison"]
[Black "Lee, Megan"]
[Result "1-0"]
[Annotator "Harrison Toppen-Ryan"]
[WhiteElo "1914"]
[BlackElo "2334"]
[PlyCount "85"]
[GameId "2180822993387694"]
[EventDate "3.??.??"]

{Before the game, I had gone to the park and took a walk with my wife during the sunset. I believe that helped me with my play and performance that you're about to dive into.} 1. d4 Nf6 2. c4 g6 3. Nc3 d5 $5 {My opponent typically doesn't play the Grünfeld Defense. I was still ready for the challenge since this opening is known for being one of Black's best responses to 1.d4 openings.} 4. cxd5 Nxd5 5. Bd2 $5 {Instead of pushing the pawn on e4 right away, White prepares this move with the intention to capture with the bishop. From here it will challenge Black's strong Bishop on g7. The pawn formation on d5 and e4 will also restrict the rest of Black's minor pieces and hinder their development.} (5. e4 Nxc3 6. bxc3 Bg7 7. Nf3 c5 {is the main line.}) 5... Bg7 {A sparing game I played against fellow WA State Expert Kai Pisan went} (5... c5 $5 6. dxc5 $1 Bg7 7. Qb3 $5 Nc7 $2 (7... Be6 {is best, giving up the b-pawn}) 8. e4 Nc6 9. Be3 O-O 10. Rd1 Bd7 11. Nf3 Qc8 12. Be2 {And Black didn't have enough compensation for the pawn.}) 6. e4 Nxc3 7. Bxc3 c5 8. d5 Bxc3+ (8... O-O {is considered a more accurate move order, although not by much.}) 9. bxc3 e6 10. Bc4 exd5 11. Bxd5 (11. exd5 $6 {is not good because after} O-O 12. Ne2 Nd7 13. O-O Nb6 {and White will lose their c4-bishop in worse conditions than in the game. White's passed d-pawn is not as impressive as it could have been.}) 11... Nd7 $5 {This and 11.O-O seem to be the strongest continuation.} (11... Qf6 12. Qd2 O-O 13. Ne2 $5 $14) 12. Qb3 O-O 13. Ne2 $5 {I've given this move this annotation not for the move itself but for the context behind it. After this move was made, the Knight landed awkwardly on the e2-square. I adjusted the piece after I had already hit my clock. My opponent then correctly informed me that I was not allowed to adjust pieces after I've completed my move with hitting the clock. I was not aware of this rule and felt slightly embarrassed. This is now something that I will remember in the future.} Nb6 (13... Nf6 {was also playable with a similar idea.}) 14. O-O Qc7 (14... Nxd5) 15. c4 Nxd5 16. cxd5 {We have an interesting imbalance. White has a connected passed d-pawn while Black has a connected passed c-pawn and a 3 versus one majority on the queenside. Black also has a light-squared bishop against a Kingside Knight. Here are the standard plans for both colors in these types of positions: White: - Get the passed d-pawn to d6 and the e-pawn to e5. Push f2-f4 to reenforce the center. - Try to improve the f3-knight by putting it on e4 or d5 where it could potentially take advantage of Black's weak dark-squares around her King. Black: - Find a way to Blockade White's passed d-pawn. This is harder to do with Rooks/Bishops than with Pawns/Knights, however. - Get the queenside pawns rolling with moves like b7-b5 and c5-c4. A King & Pawn endgame with Black's King on d6 would be a win for Black since her three versus one majority on the queenside would be enough for a win.} Bg4 (16... Re8 17. Nc3 {and black cannot play f7-f5 yet due to d5-d6+ ideas.}) 17. f3 {It's in White's best interest to not continue trading peices since I wanted to get my knight centralized in this semi-closed position.} (17. Nc3 {May even be better since it gets the knight in a more active square and stops b7-b5 ideas for now.}) 17... Bd7 {Here I felt White was slightly better due to my impressive center. That feeling began to fade after} 18. Rac1 $6 (18. a4 $1 {Delays b7-b5 ideas for Black.} a6 19. a5 $1 Bb5 20. Rfe1 {White would have a bind on the b6-square and the center.}) 18... b5 $1 $132 {I should have respected this idea by Black more. My opponent now executes the correct plan and now chances are unclear.} 19. Qc3 Rac8 20. e5 b4 21. Qe3 Bb5 {This move improves a bad piece and threatens c5-c4. Even stronger is the immediate:} (21... c4 $1 22. Ng3 (22. Nd4 $2 Qc5) 22... c3 23. Nh5 $5 gxh5 24. Qg5+ {is a perpetual.}) 22. f4 Rfe8 23. Rfd1 {White also improves a piece.} f6 $2 {Black begins a change of plans and ties to fight against the White's center. But Black needs to stick to the plan that she had already committed to and go for complications on the queenside.} (23... c4 24. Ng3 $13 {is extremely unclear.}) 24. d6 Qf7 25. Rd2 $2 {I was scared about the Black queen eyeing my a-pawn. If I let it be captured then White would have three (!) connected passed pawns on the queenside. But White still has play with their strong center.} (25. Ng3 $1 fxe5 26. fxe5 c4 (26... Qxa2 $2 27. Ne4 $1 $36) 27. Qd4 {and Ne4 follows with a strong initiative.}) 25... fxe5 26. fxe5 Qf5 $4 {This is the move where things began to go wrong for Black. The queen attacks the e5-pawn but does so on an awkward square that will come with consequences later.} (26... Qe6 {Sets up a bit of a blockade, but after} 27. Rxc5 Rxc5 28. Qxc5 Qxe5 29. Qxe5 Rxe5 30. Nf4 {this position looks slightly better for White as the passed d-pawn its still a threat. However, Black will still easily defend with a draw as the likely result.}) 27. Rd5 $1 {Attacking c5, defending e5, and improving (centralizing) a piece all at once!} Bd7 28. Ng3 {The knight hits the queen with tempo, showing to downside of Black's previous 26.Qf5 move. Once again the knight landed awkwardly but this time on the g3-square. I almost adjusted the piece after hitting my clock, but caught this and stoped myself at the last possible moment. Not least of all before making the awkward movement with my right arm. This kingside knight is cursed!} Qf7 29. Ne4 $1 {Tactically improving the knight once again with tempo. The knight will soon penetrate decisively on the dark-squares.} Kh8 (29... Qxd5 30. Nf6+ {is a family fork.}) 30. Qd2 {I knew I didn't need to rush here. Nothing wrong with improving more of your pieces when in a better, closed position like this one.} (30. Nf6 $4 Qxf6 $1 $19 {the e-pawn is pinned.}) 30... c4 31. Rf1 Qg7 {I had worried that 31.c3 was strong for Black. But after looking deeper I saw that this move was crushed by:} (31... c3 32. Rxf7 cxd2 33. Nf6 $1 Rc1+ 34. Kf2 d1=N+ 35. Rxd1 Rxd1 36. Rxh7# {mate.}) 32. Nf6 Rf8 33. Qxb4 {Now Black's counterplay is gone.} Rb8 34. Qc3 Bf5 35. Rc5 {Rook's belong on open files.} Bd3 36. Re1 Rb7 37. e6 $3 {The farther passed pawns are down the board, the more valuable they are! Here Whiite can part with his f6-knight in order to promote one of his pawns.} Qxf6 (37... Rxf6 38. Rc8+ Rf8 39. Rxf8# {mate.}) 38. Qxf6+ Rxf6 39. d7 Rb8 40. Rc8+ Rf8 41. Rxf8+ {1-0 Black resigned. It's hopeless after} Rxf8 42. e7 Rb8 43. e8=R+ {The pawns promote. Conclusion: 1. At tournaments, take walks in between rounds if you have the time. It makes your mind relax and less stressed out for the next game. 2. Understand to NOT adjust pieces when it's not your move. Only adjust when it's your turn. 3. Passed pawns involve knowing when to trade and when not to. If you're the only player with a passed pawn, TRADE minor pieces. If both sides have passed pawns, try to evaluate whose minor pieces will be better placed later on in the game. 4. Find ways to IMPROVE your WORST placed pieces. Moves like 21.Bb5 by Black, 27.Rd5 and 28.Ng3 followed by 29.Ne4 by White are all examples of improving bad pieces. 5. Be CAREFUL when deciding to mix/change plans. Black began to deviate from her original plan with the queenside pawn steamroller with 23.f6 and 24.Qf7, which is when problems for her position began. Staying committed to the queenside pawns would have lead to a more unclear, but with better chances for Black. 6. The FURTHER a passed pawn is advanced up the board, the more VALUABLE it is. 37.e6 proves this point by departing with White's f6-knight, but promoting in return. This is one of the most memorable games of Chess I have ever played and will most likely will ever play. I hope that it made an impression on you and it did to me. - Coach Harrison} 1-0

[Event "WA State Championship (Sensations)"]
[Site "Seattle, WA"]
[Date "2025.02.15"]
[Round "5"]
[White "Sankrithi, Vivaan"]
[Black "Gui, Joyce"]
[Result "1-0"]
[Annotator "Vivaan Sankrithi"]
[WhiteElo "1109"]
[BlackElo "611"]
[PlyCount "45"]
[GameId "2168389321191641"]
[EventDate "2025.02.08"]
[EventRounds "7"]
[EventCountry "USA"]

{[%evp 0,44,19,31,19,14,16,26,14,11,11,13,8,3,16,7,15,-1,-3,-8,2,0,-4,-20,-19,-14,-12,-34,-3,-33,25,-38,-8,-23,39,0,42,-35,45,30,40,-25,515,461,29997,29998,29999] Hi Friends, My name is Vivaan Krishna Sankrithi, and I am 7 years old. I won the Sensations section of the State Championship on tiebreaks and wanted to share my 5th round game vs Joyce Gui, who also tied for first. I had the white pieces and we were both at 3/4 and tied for first heading into this game.} 1. d4 d5 2. Nc3 Nf6 3. Bf4 Bf5 {I have been playing the Jobava London opening for about half a year now. I like it because I can follow this pattern against lots of variations and there are a lot of fun traps with Nb5 ideas and sac-ing the Queen on the d5 pawn to family fork with Nxc7. Joyce didn’t play into any of these traps.} 4. e3 e6 5. Bd3 Bxd3 6. cxd3 {I took with pawn here because I can always play e4 to challenge the center.} Bb4 7. Nge2 O-O 8. Qc2 {I played this move because I like to castle the opposite direction as my opponent to build attacks on the king.} Nc6 9. O-O Re8 10. Rfd1 {I played this move to support an e4 pawn push.} Nh5 11. Nb5 {I am not worried about ...Nxf4 as I can also play Nxf4 and activate my knight further.} Nxf4 12. Nxf4 a6 13. Nc3 Ne7 14. e4 Rc8 15. Qe2 c6 16. Qg4 {Overall, the position felt pretty equal, so I decided to put more pieces on her kingside to set up a big attack. Nh5 is a sneaky tactic in my plan. Do you see why?} g6 17. Nh5 f5 18. Qg5 Rf8 19. Ne2 {Coach Tim always tells me to bring more pieces to support my attack so I am bringing my other knight to the kingside.} Kh8 20. Nef4 {I’m pretty sure Joyce should’ve played ...Ng8 here, and she may have been fine, but she made a blunder on this coming move.} gxh5 21. Nxe6 {You might think I’m just going to try to win an exchange here, but I have a sneakier plan! Do you see it?} Rg8 22. Qf6+ Rg7 23. Qxg7# {Interestingly I sacrificed pieces in all five of my wins in this tournament! I hope you all enjoyed my game. I hope to play with you in the future! Vivi} 1-0